| 000 | 00617nam a2200217Ia 4500 | ||
|---|---|---|---|
| 008 | 220216s9999 xx 000 0 und d | ||
| 100 | _aHaishima Y | ||
| 245 | 0 | _aChemical and biological evaluation of endotoxin contamination on natural rubber latex products | |
| 260 |
_bJournal of Biomedical Materials Research _c2001 |
||
| 300 | _a424-432 | ||
| 500 | _aSource Year: 2001 | ||
| 650 | _aEndotoxin contamination | ||
| 650 | _aNR latex products | ||
| 700 | _aHirata M | ||
| 700 | _aMurai T | ||
| 700 | _aNakagawa Y | ||
| 700 | _aNakamura A | ||
| 700 | _aYagami T | ||
| 856 | _uRAPRA. 38(9) | ||
| 942 | _cJS | ||
| 999 |
_c55476 _d55476 |
||